| 000 | 00369nam a22001337a 4500 | ||
|---|---|---|---|
| 999 |
_c528891 _d528891 |
||
| 003 | NUST | ||
| 038 | _aMSOHAIL | ||
| 082 | _a0 | ||
| 100 |
_aمحمد الیاس عطار قادری رضوی _920701 |
||
| 245 | _aکفریہ کلمات کے بارے میں سوال و جواب | ||
| 260 |
_aKarachi _bMaktab-ul-Madina _c2009 |
||
| 300 |
_a292,p; _c25cm |
||
| 942 |
_2ddc _cBK |
||